000 00580nam a2200181Ia 4500
008 151202s9999||||xx |||||||||||||| ||und||
082 _bPNVM-45140
100 _aइनामदार ना.स.
245 _aवाळल्या फुलात.
260 _b"सन पब्लिकेशन,पुणे."
260 _c0
300 _a196
600 _aइनामदार ना.स.
630 _aवाळल्या फुलात.
700 _aइनामदार ना.स.
730 _aवाळल्या फुलात.
942 _cBOOK
999 _c1311091
_d1311088